| 000 | 00644nam a2200181Ia 4500 | ||
|---|---|---|---|
| 008 | 220216s9999 xx 000 0 und d | ||
| 100 | _aPrevot J C | ||
| 245 | 0 | _aPhysiological parameters of latex from Hevea brasiliensis. Their use in the study of the laticiferous system. Typology of functioning production mechanisms. Effect of stimulation | |
| 260 | _bProceedings of the IRRDB Symposium: Rubber Physiology and Exploitation, China, 1986; p136-157 | ||
| 650 | _aHevea latex | ||
| 700 | _aEschbach J M | ||
| 700 | _aGigault J | ||
| 700 | _aJacob J L | ||
| 700 | _aLacrotte R | ||
| 700 | _aSerres E | ||
| 700 | _aVidal A | ||
| 942 | _cJS | ||
| 999 |
_c65005 _d65005 |
||